[Event "FRA-ch op-D"]
[Site "Pau"]
[Date "2012.08.17"]
[Round "4"]
[White "Thouvenin, Jean Claude"]
[Black "Bruneteau, Damien"]
[Result "1-0"]
[WhiteElo "1499"]
[BlackElo "1480"]
[PlyCount "85"]
[EventDate "2012.08.14"]
[EventType "swiss"]
[EventRounds "11"]
[EventCountry "FRA"]
[SourceTitle "EXT 2014"]
[Source "ChessBase"]
[SourceDate "2013.11.20"]
[SourceVersion "1"]
[SourceVersionDate "2013.11.20"]
[SourceQuality "1"]

1. e4 e6 2. d4 d5 3. Nd2 c5 4. Ngf3 Nc6 5. Bb5 Bd6 6. e5 Be7 7. 0-0 Bd7 8. Qe2 a6 9. Bxc6 Bxc6 10. Nb3 Bb5 11. Qd1 Bxf1 12. Qxf1 b6 13. Be3 c4 14. Nc1 Qc7 15. c3 b5 16. a3 Qd8 17. Ne2 g5 18. Qc1 h6 19. Qc2 g4 20. Nd2 Bg5 21. Nf1 h5 22. Bxg5 Qxg5 23. a4 Qd8 24. Nf4 Ne7 25. Ne3 Kd7 26. b3 Qc7 27. axb5 axb5 28. Rxa8 Rxa8 29. Nxh5 Ra1+ 30. Nf1 cxb3 31. Qb2 Ra2 32. Qxb3 Qc4 33. Qb1 Qe2 34. Nf6+ Kc6 35. Nxg4 Qb2 36. Qh7 Ra1 37. Qxf7 Rxf1+ 38. Kxf1 Qc1+ 39. Ke2 Qc2+ 40. Kf3 Qe4+ 41. Kg3 Nf5+ 42. Kh3 Qd3+ 43. f3 1-0

[Event "FRA-ch op-D"]
[Site "Pau"]
[Date "2012.08.15"]
[Round "2"]
[White "Thouvenin, Jean Claude"]
[Black "Barbe Asensio, Cyrielle"]
[Result "1-0"]
[WhiteElo "1499"]
[BlackElo "1410"]
[PlyCount "49"]
[EventDate "2012.08.14"]
[EventType "swiss"]
[EventRounds "11"]
[EventCountry "FRA"]
[SourceTitle "EXT 2014"]
[Source "ChessBase"]
[SourceDate "2013.11.20"]
[SourceVersion "1"]
[SourceVersionDate "2013.11.20"]
[SourceQuality "1"]

1. e4 c6 2. d4 d5 3. Nd2 Nd7 4. e5 Nb6 5. Bd3 e6 6. Ngf3 c5 7. c3 c4 8. Bc2 Nd7 9. Nf1 b5 10. a3 Be7 11. Ng3 f6 12. 0-0 Qc7 13. Nh5 Kf8 14. Nf4 Nb6 15. exf6 Nxf6 16. Ng5 Qc6 17. Re1 h6 18. Ngxe6+ Bxe6 19. Rxe6 Qc7 20. Ng6+ Kg8 21. Rxe7 Qd6 22. Bf4 Qd8 23. Qe2 Nc8 24. Qe6+ Kh7 25. Nf8# 1-0